00656nam a2200217 a 450000100060000000300080000600500170001400800410003102000150007203500190008704000340010604100080014008200220014810000210017024500670019126000580025830000310031635000110034750400320035865100480039042050BD-RjUL20211209053503.0160609s1973 enka b 001 0 eng  a0192156519 a(BD-RjUL)42168 aDLCcDLCdDLCd(BD-RjUL)beng aeng00a327.68bBAS 1973 1 aBarber, James P.10aSouth Africa's foreign policy, 1945-1970 /c[by] James Barber. aLondon :aNew York :bOxford University Press,c1973. a325 p. :billus. ;c22 cm. a£4.50 aBibliography: p. [309]-314. 0aSouth AfricaxForeign relationsy1948-1961.